ბათუმის შოთა რუსთაველის სახელმწიფო უნივერსიტეტის ბიბლიოთეკა

Instructional strategies for students with mild, moderate, and severe intellectual disability / (ბიბ.ჩანაწერი № 58103)

000 -LEADER
fixed length control field 01031cam a22001934i 4500
001 - CONTROL NUMBER
control field 19230034
005 - DATE AND TIME OF LATEST TRANSACTION
control field 20221108160244.0
008 - FIXED-LENGTH DATA ELEMENTS--GENERAL INFORMATION
fixed length control field 160815s2018 caua b 001 0 eng
020 ## - INTERNATIONAL STANDARD BOOK NUMBER
International Standard Book Number 9781506306667 X
041 ## - LANGUAGE CODE
Language code of text/sound track or separate title eng
080 ## - UNIVERSAL DECIMAL CLASSIFICATION NUMBER
Universal Decimal Classification number 364.694 I-67
245 10 - TITLE STATEMENT
Title Instructional strategies for students with mild, moderate, and severe intellectual disability /
Statement of responsibility, etc. edited by Richard M. Gargiulo, Emily C. Bouck.
264 #1 - PRODUCTION, PUBLICATION, DISTRIBUTION, MANUFACTURE, AND COPYRIGHT NOTICE
Place of production, publication, distribution, manufacture Los Angeles :
Name of producer, publisher, distributor, manufacturer Sage,
Date of production, publication, distribution, manufacture, or copyright notice 2018.
300 ## - PHYSICAL DESCRIPTION
Extent 490 pages :
Other physical details illustrations ;
Dimensions 23 cm.
653 ## - INDEX TERM--UNCONTROLLED
keyword მსუბუქი, ზომიერი და მძიმე ინტელექტუალური შეზღუდული შესაძლებლობის მქონე სტუდენტების სასწავლო სტრატეგიები
653 ## - INDEX TERM--UNCONTROLLED
keyword Учебные стратегии для учащихся с легкой, средней и тяжелой умственной отсталостью
700 1# - ADDED ENTRY--PERSONAL NAME
Personal name Bouck, Emily C.
9 (RLIN) 12054
942 ## - ADDED ENTRY ELEMENTS (KOHA)
Source of classification or shelving scheme
Koha item type წიგნი
ეგზემპლარები
Withdrawn status Lost status Source of classification or shelving scheme Damaged status Not for loan Permanent Location Current Location Shelving location Date acquired Cost, normal purchase price Full call number Barcode Date last seen Copy number Price effective from Koha item type Public note
          ბათუმის შოთა რუსთაველის სახელმწიფო უნივერსიტეტის მთავარი ბიბლიოთეკა ბათუმის შოთა რუსთაველის სახელმწიფო უნივერსიტეტის მთავარი ბიბლიოთეკა წიგნსაცავი 2021-06-15 414.00 364.694 I-67 61391 2021-06-15 61391 2021-06-15 წიგნი 414 ლ.